000 00943cab a2200241 4500
001 WB3502-23
008 090401t1999 xxu||||| |||| 00| 0 eng d
035 _a(Sirsi) u90662
041 _aeng
245 _aInterim urban task force published
260 _c1999
350 _a0
490 _aFinancial Times
_v12 January 1999, 1&10; 14 January 1999, 11
490 _aDETR News Release
_v(20)&(22) 13 January 1999 (7)
520 _aThe interim report of the Urban Taskforce "Urban renaissance - sharing the vision" chaired by Lord Rogers outlines a number of proposals for tax and planning reforms to improve inner city life. Examples of urban regeneration projects. Deputy Prime John Prescott welcomes the recommendations of the report.
650 _aGREENFIELD SITES
650 _aINNER CITY REGENERATION
650 _aLORD ROGERS
650 _aURBAN TASKFORCE
690 _aURBAN RENEWAL
942 _n0
948 _c12/01/1999
999 _c57487
_d57487